Elephant & Butterfly : Permanence and Chance in Architecture /

Gespeichert in:
Bibliographische Detailangaben
Hauptverfasser: Heikkinen, Mikko (Verfasst von, Herausgegeben von), Lipponen, Paavo (Verfasst von), Salmona, Rogelio (Verfasst von)
Körperschaften: Alvar Aalto Academy (Zusammenstellung), 9th Alvar Aalto Symposium : Jyväskylä
Format: Tagungsbericht Buch
Sprache:Englisch
Veröffentlicht: Jyväskylä : Alvar Aalto Academy, 2004
Ausgabe:1. vydanie
Schlagworte:
Tags: Tag hinzufügen
Keine Tags, Fügen Sie das erste Tag hinzu!

MARC

LEADER 00000nam a22000003a 4500
001 0082737
003 SK-STU
005 20200807095113.8
007 ta
008 200807s ----xo-----e------000-0-----d
020 |a 952-5371-18-2 
040 |a STU  |b slo 
041 0 |a eng 
044 |a fi 
110 2 |a Alvar Aalto Academy  |4 com 
111 2 |a 9th Alvar Aalto Symposium :  |n 9.  |d 1-3 august 2003  |c Jyväskylä 
245 1 0 |a Elephant & Butterfly :  |b Permanence and Chance in Architecture /  |c Paavo Lipponen, Rogelio Salmona ; ed. Mikko Heikkinen 
250 |a 1. vydanie 
260 |a Jyväskylä :  |b Alvar Aalto Academy,  |c 2004 
300 |a 183 s.  |e + CD ROM 1, 2 
650 0 7 |a teória architektúry 
650 0 7 |a súčasná architektúra 
650 0 7 |a architektúra svetová 
650 0 7 |a obytné budovy 
650 0 7 |a museum 
650 0 7 |a Aalto, Alvar 
700 1 |a Heikkinen, Mikko  |4 edt  |4 aut 
700 1 |a Lipponen, Paavo  |4 aut 
700 1 |a Salmona, Rogelio  |4 aut 
996 |b 284AU08439  |c A* 11699/U  |l AAKNAR  |s A  |a 24  |w 0082737_0001